Learning with Computer Level - 3 (Record no. 986)

MARC details
000 -LEADER
fixed length control field 00273nam a2200097 4500
008 - FIXED-LENGTH DATA ELEMENTS--GENERAL INFORMATION
fixed length control field 160625b xxu||||| |||| 00| 0 eng d
100 ## - MAIN ENTRY--PERSONAL NAME
9 (RLIN) 1207
Personal name Mallik, U., et al
245 ## - TITLE STATEMENT
Title Learning with Computer Level - 3
300 ## - PHYSICAL DESCRIPTION
Extent Learning with Computer Level - 3
942 ## - ADDED ENTRY ELEMENTS (KOHA)
Source of classification or shelving scheme Dewey Decimal Classification
Koha item type BOOK
Edition N.Y

No items available.

Powered by Koha